Library Logo

Pioneer International University Library Catalogue

The wine and the music (Record no. 7467)

MARC details
000 -LEADER
fixed length control field 00673cam a22002291 4500
001 - CONTROL NUMBER
control field 4538329
003 - CONTROL NUMBER IDENTIFIER
control field OSt
005 - DATE AND TIME OF LATEST TRANSACTION
control field 20250901165651.0
008 - FIXED-LENGTH DATA ELEMENTS--GENERAL INFORMATION
fixed length control field 700729s1968 nyu 000 1 eng
010 ## - LIBRARY OF CONGRESS CONTROL NUMBER
LC control number 68005532
040 ## - CATALOGING SOURCE
Original cataloging agency DLC
Transcribing agency DLC
Modifying agency DLC
-- OCoLC
-- DLC
050 00 - LIBRARY OF CONGRESS CALL NUMBER
Classification number PZ 3 .B2766 Wi 1968
Item number Wi
Classification number PS3503.A62873
100 1# - MAIN ENTRY--PERSONAL NAME
Personal name Barrett, William E.
Fuller form of name (William Edmund),
Dates associated with a name 1900-1986.
245 14 - TITLE STATEMENT
Title The wine and the music
Statement of responsibility, etc. [by] William E. Barrett.
260 ## - PUBLICATION, DISTRIBUTION, ETC.
Place of publication, distribution, etc. Garden City, N.Y.,
Name of publisher, distributor, etc. Doubleday
Date of publication, distribution, etc. [1968]
300 ## - PHYSICAL DESCRIPTION
Extent 381 p.
Dimensions 22 cm.
350 ## - PRICE (NR) (BK AM CF MU VM SE) [OBSOLETE]
Price 5.95
655 #7 - INDEX TERM--GENRE/FORM
Genre/form data or focus term Love stories.
Source of term gsafd
906 ## - LOCAL DATA ELEMENT F, LDF (RLIN)
a 7
b cbc
c orignew
d u
e ncip
f 19
g y-gencatlg
942 ## - ADDED ENTRY ELEMENTS (KOHA)
Source of classification or shelving scheme Library of Congress Classification
Koha item type Books
Holdings
Withdrawn status Lost status Source of classification or shelving scheme Damaged status Not for loan Home library Current library Shelving location Date acquired Total checkouts Full call number Barcode Date last seen Price effective from Koha item type
    Library of Congress Classification     Main Library Main Library   06/11/2024   PZ 3 .B2766 Wi 1968 PIU0010180 06/11/2024 06/11/2024 Books
    Library of Congress Classification     Main Library Main Library   07/26/2024   PZ 3 .B2766 Wi 1968 PIU0008902 07/26/2024 06/11/2024 Books